[Event "Capablanca Memorial-B"]
[Site "Matanzas"]
[Date "1994.??.??"]
[Round "5"]
[White "Rodriguez Cespedes, Amador"]
[Black "Arencibia Rodriguez, Walter"]
[Result "1-0"]
[WhiteElo "2470"]
[BlackElo "2485"]
[Annotator "Wedberg,T"]
[PlyCount "77"]
[EventDate "1994.??.??"]
[EventType "tourn"]
[EventRounds "13"]
[EventCountry "CUB"]
[EventCategory "8"]
[SourceTitle "CBM 043"]
[Source "ChessBase"]
[SourceDate "1994.12.01"]
[SourceVersion "1"]
[SourceVersionDate "1994.12.01"]
[SourceQuality "1"]

1. e4 e5 2. Nf3 Nc6 3. Bb5 a6 4. Ba4 Nf6 5. O-O Be7 6. Re1 b5 7. Bb3 d6 8. c3
O-O 9. h3 Bb7 10. d4 Re8 11. Nbd2 Bf8 12. d5 Ne7 (12... Nb8 $1 13. Nf1 Nbd7 14.
Ng3 g6 (14... Nc5 15. Bc2 c6 16. b4 Ncd7 17. dxc6 Bxc6 18. Bb3 Nb6 19. Bg5 $16
{Ceskovskij-Timoshenko/Sverdlovsk/1987}) 15. Be3 (15. Nh2 Nc5 16. Bc2 a5 17.
Qf3 h5 18. Be3 Nfd7 19. Rad1 Qe7 20. Ngf1 Bg7 21. Bc1 c6 22. b4 axb4 23. cxb4
Na4 24. dxc6 Bxc6 25. Bb3 $14 {Short-Timman/San Lorenzo(m10)/1993}) 15... Nc5
16. Bc2 c6 17. b4 Ncd7 18. dxc6 Bxc6 19. Bb3 Nb6 20. Qd3 Rb8 21. Rad1 $14 {
Short-Ivanchuk/Amsterdam/1994}) (12... Na5 13. Bc2 c6 14. b4 Nc4 15. Nxc4 bxc4
16. dxc6 Bxc6 17. Bg5 h6 (17... Re6 18. Qe2 $14 {Dolmatov-Zajcev/Moscow/1992})
18. Bxf6 Qxf6 19. Nh2 $16 {Kindermann-Smejkal/Baden-Baden/1985}) 13. Nf1 (13.
c4 c6 14. Bc2 bxc4 15. dxc6 Nxc6 16. Nxc4 h6 17. Bd2 Rc8 18. Rc1 Nd4 19. Ba4
$14 {Ermenkov-Lukacs/Albena/1985}) 13... Ng6 {N} (13... h6 14. N3h2 c6 15. Ng4
Nxg4 16. hxg4 cxd5 17. exd5 $14 {Dolmatov-Ibragimov/Dortmund/1992}) 14. N3h2 (
14. Bg5 h6 15. Bxf6 Qxf6 16. N3h2 $14) 14... Qd7 15. Ng4 Nxe4 $5 16. Rxe4 f5
17. Re1 fxg4 18. hxg4 (18. Qxg4 $32 Qxg4 19. hxg4 Ne7 20. Rd1 $14 {/\Ng3-e4})
18... Qf7 $132 {><d5} 19. Qd3 (19. Ng3 Ne7 $17) 19... e4 $5 20. Rxe4 Rxe4 21.
Qxe4 Re8 22. Qd4 Re1 23. f3 (23. Qd2 Re5 24. Ne3 Nf4 $15) 23... Nf4 $1 24. Bd1
Nxd5 25. Bd2 c5 26. Qf2 Re8 27. Bc2 Nf4 28. Re1 Rxe1 29. Bxe1 (29. Qxe1 $4 Nxg2
$19) 29... Qxa2 30. b3 $1 {/\Bxh7,ףa2} g6 31. Qd2 Bh6 32. Qd1 d5 33. Bd2 Qb2
34. Qe1 $1 $132 Kf7 $2 (34... Qxc2 35. Qe8+ Kg7 36. Qe7+ Kg8 37. Qe8+) 35. Qh4
Qxc2 36. Qxh6 Ne6 37. Qxh7+ Ng7 38. Qh2 Ne6 39. Qd6 (39. Qd6 Bc8 40. Qc6 $18)
1-0

[Event "Budapest FS02 GM"]
[Site "Budapest"]
[Date "1994.??.??"]
[Round "9"]
[White "Yemelin, Vasily"]
[Black "Lukacs, Peter"]
[Result "1-0"]
[WhiteElo "2475"]
[BlackElo "2485"]
[Annotator "Wedberg,T"]
[PlyCount "79"]
[EventDate "1994.02.??"]
[EventType "tourn"]
[EventRounds "13"]
[EventCountry "HUN"]
[EventCategory "9"]
[SourceTitle "CBM 040"]
[Source "ChessBase"]
[SourceDate "1994.06.01"]
[SourceVersion "1"]
[SourceVersionDate "1994.06.01"]
[SourceQuality "1"]

1. e4 e5 2. Nf3 Nc6 3. Bb5 a6 4. Ba4 Nf6 5. O-O Be7 6. Re1 b5 7. Bb3 O-O 8. d3
d6 9. c3 Na5 10. Bc2 c5 11. Nbd2 Re8 12. Nf1 Bb7 13. Ne3 Bf8 14. h3 h6 15. Nh2
d5 16. Nhg4 d4 17. Nf5 Bc8 18. Bd2 Nc6 19. a4 dxc3 20. bxc3 b4 (20... Rb8) 21.
a5 $1 bxc3 (21... Nxa5 $2 22. Nxf6+ gxf6 23. cxb4 cxb4 24. Bxb4 $18 Bxb4 25.
Qg4+ Kf8 26. Qg7#) 22. Bxc3 Nxg4 23. Qxg4 Kh7 24. Ba4 Bd7 25. Rab1 g6 $6 (25...
Rb8 $32) 26. Rb7 $1 gxf5 27. exf5 $36 Qc8 28. Reb1 Kh8 29. Qe4 f6 30. Rxd7 $1
$18 Qxd7 31. Bxc6 Qc8 32. Rb6 Bg7 33. Bd2 Ra7 34. Bxe8 Qxe8 35. Qh4 h5 36. Be3
Rd7 37. Bxc5 Rxd3 38. Re6 Qc8 39. Qxh5+ Kg8 40. Re8+ 1-0

[Event "ESP-ch schev"]
[Site "Seville"]
[Date "2004.08.21"]
[Round "4"]
[White "Arizmendi Martinez, Julen Luis"]
[Black "Perez Candelario, Manuel"]
[Result "1/2-1/2"]
[WhiteElo "2534"]
[BlackElo "2498"]
[Annotator "Wedberg,T"]
[PlyCount "103"]
[EventDate "2004.08.18"]
[EventType "schev"]
[EventRounds "4"]
[EventCountry "ESP"]
[SourceTitle "CBM 103"]
[Source "ChessBase"]
[SourceDate "2004.11.11"]
[SourceVersion "1"]
[SourceVersionDate "2004.11.11"]
[SourceQuality "1"]

1. e4 e5 2. Nf3 Nc6 3. Bb5 a6 4. Ba4 Nf6 5. O-O Be7 6. Re1 b5 7. Bb3 d6 8. c3
O-O 9. h3 Bb7 10. d4 Re8 11. Nbd2 Bf8 12. d5 Nb8 13. Nf1 Nbd7 14. N3h2 Nc5 15.
Bc2 c6 16. b4 Ncd7 17. dxc6 Bxc6 18. Bg5 {This line was popularized by Michael
Adams. It seems to yield White a slight plus, but if Black is careful he
should make a draw.} Qc8 $5 {This is an uncompromising move aimed at winning a
P by targeting both c3 and g4.} (18... Qc7 19. Bxf6 Nxf6 20. Ng4 Nd7 21. Qf3
Nb6 22. Bb3 Qb7 23. Ng3 d5 24. Nh5 Re6 25. Qg3 Rg6 $13 {1/2-1/2 Korneev,
O-Ibragimov,I/Ekaterinburg 1997/CBM 57 ext (52)}) (18... h6 19. Bxf6 Nxf6 20.
Ng4 Nxg4 21. Qxg4 Bd7 (21... d5 $6 22. exd5 Qxd5 23. Bb3 Qd8 24. Qh5 Ra7 25.
Rxe5 Rxe5 26. Qxe5 Qg5 27. Qxg5 hxg5 $16 {Adams-Ponomariov, Linares 2002}) 22.
Qf3 Rc8 23. Bb3 Be6 24. Rad1 Re7 25. Rd3 Rec7 $11 {1/2-1/2 Vouldis,A-Cela,A/
Athens 1997/EXT 2004 (44)}) (18... Be7 $5 19. Bxf6 Nxf6 20. Ng4 d5 21. Nxe5 Bb7
$132 {0-1 Jansa,V-Stocek,J/Czechia 2002/EXT 2003 (41)}) 19. Bxf6 {Exchanging
to take control over the key square d5.} Nxf6 20. Ng4 $5 {White plays along
and gives the P. He will get compensation with his strong d5 point.} Nxg4 21.
hxg4 Bd7 {The logical move.} (21... Qb7 22. Ne3 g6 23. Bb3 Bh6 24. Nd5 Bg5 25.
Qf3 $14 {0-1 Anka,E-Acs,P/Hungary 2002/EXT 2004 (49)}) 22. Ne3 Qxc3 (22... Ra7
23. Bb3 Qxc3 24. Nd5 Qc8 25. Nb6 Qd8 26. Nxd7 Qxd7 27. Bd5 $44 {1/2-1/2 Hracek,
Z-Beliavsky,A/Germany 2000/CBM 74 ext (37)}) 23. Nd5 Qc6 24. Bb3 Rac8 (24...
Qb7 25. g5 Be6 26. Re3 Rec8 27. Qh5 $40 {1-0 Almasi,Z-Bacrot,E/Szeged 2000/CBM
78 (34)}) 25. g5 {[%cal Yd1h5,Yg2g3,Yg1g2,Ye1h1] White seems to have a strong
attack, but Black has fared well from this position in earlier games. But a
closer look at those games reveals that White held promising positions.} Qb7 (
25... Be6 26. Re3 (26. Qh5 $5 {with the idea of g3 followed by Kg2 and Rh1
looks tempting.} Be7 27. g3 Bd8 28. Kg2) 26... Be7 27. Qh5 Qb7 28. Rg3 Kh8 29.
Re1 Rf8 30. Nf6 h6 31. gxh6 (31. Nd5 $5) 31... g6 32. Qg5 (32. Qf3 $5) 32...
Bxb3 33. Rxb3 Qc7 $13 {0-1 Isonzo,D-Dervishi,E/Bratto 2003/EXT 2004 (49)}) 26.
Qh5 Re6 $5 {[%mdl 256] With a R on g6 the defence is strengtened.} 27. Rad1 Qa7
28. Qf3 Be8 {Black's setup is strong on defence, but it's not easy to see how
Black is going to find any counterplay.} 29. Re3 Rg6 {[%cal Yg6g5]} 30. Qf5 Rc6
31. Rh3 Qd7 (31... Bd7 $4 32. Ne7+ Bxe7 33. Qxf7+ Kh8 34. Qg8#) 32. Rh5 $1 Qd8
{Trying to pinpoint the weakness on g5.} 33. Ne3 $2 {After this Black gets
back in the game.} (33. Qh3 $1 h6 $8 34. gxh6 gxh6 (34... Rxh6 35. Rxh6 gxh6
36. Rd3 Kh8 37. Rg3 $40) 35. Qf5 Kg7 36. Ne3 Rg5 37. Rxg5+ Qxg5 38. Qf3 $44)
33... Be7 34. Ng4 (34. Qh3 Bxg5 35. Rxh7 $2 Bh6 $19) 34... Qc8 35. Ne3 Qxf5 36.
Nxf5 Bxg5 37. Nxd6 Rcxd6 38. Rxd6 Rxd6 39. Rxg5 Rd4 40. Rxe5 Kf8 $15 41. f3 (
41. a3 Rd3 $17) 41... Rxb4 42. Rc5 a5 $6 (42... Bd7 $1 43. Rc7 Be6 44. Bxe6
fxe6 $17) 43. Rc7 {[%csl Gb3,Rf7][%cal Yb3d5]} Rd4 44. Bd5 Rd2 45. Kh2 a4 46.
Kh3 h5 47. g4 Rd3 48. Kg3 h4+ 49. Kxh4 Rxf3 50. g5 f6 51. Kg4 Rf1 52. gxf6
1/2-1/2

[Event "USA-ch"]
[Site "Parsippany"]
[Date "1996.??.??"]
[Round "2"]
[White "De Firmian, Nick E"]
[Black "Ivanov, Igor Vasilievich"]
[Result "1-0"]
[WhiteElo "2575"]
[BlackElo "2475"]
[Annotator "Wedberg,T"]
[PlyCount "85"]
[EventDate "1996.07.13"]
[EventType "tourn"]
[EventRounds "13"]
[EventCountry "USA"]
[EventCategory "12"]
[SourceTitle "CBM 055"]
[Source "ChessBase"]
[SourceDate "1996.12.01"]
[SourceVersion "1"]
[SourceVersionDate "1996.12.01"]
[SourceQuality "1"]

1. e4 e5 2. Nf3 Nc6 3. Bb5 a6 4. Ba4 Nf6 5. O-O Be7 6. Re1 b5 7. Bb3 d6 8. c3
O-O 9. h3 Nd7 10. d4 Nb6 11. Nbd2 Bf6 12. Nf1 Re8 13. Ng3 (13. N1h2 Na5 14. Bc2
exd4 15. cxd4 c5 16. Ng4 Bxg4 17. hxg4 cxd4 $13 {Renet,O-Spassky,B/Cannes/1989/
0-1/37}) 13... g6 14. Bh6 Na5 (14... Bb7 15. Qd2 Na5 16. Bc2 Nac4 17. Qc1 exd4
(17... Nd7 18. b3 Ncb6 19. Qd2 exd4 20. cxd4 c5 21. Rad1 Rc8 22. Bb1 $14 {
1-0 Stein,L-Geller,E/URS-ch28 Moscow ;URS-ch 1961 (42)}) 18. cxd4 c5 19. b3 Na5
20. e5 Bh8 21. dxc5 (21. Bg5 Qd7 22. Bf6 Bxf3 23. Qh6 Nd5 24. Bxh8 Kxh8 25.
gxf3 cxd4 $13 {0-1 Schlosser,M-Wahls,M/EU-chT Haifa (01) ;EU-chT 1989 (40)})
21... dxc5 22. Be4 $16) 15. Bc2 c5 16. d5 c4 $146 {Black aims for Nc5. Thats
good - the negative side of 16. - c4 is that a later exf4 will leave d4 free
for a white N or Q to occupy.} (16... Bd7 17. b3 (17. Qd2 Qe7 18. Rf1 Bg7 19.
Bxg7 Kxg7 20. Nh2 Qh4 21. b3 Qf4 22. Qe1 Qg5 23. Kh1 Nb7 24. Ne2 Rf8 25. f4
exf4 26. Nxf4 Rae8 27. Qd2 Kg8 28. Rae1 $13 {0-1 Adams,M-Spassky,B/Cannes ;CBM
11 1989 (47)}) (17. Qc1 Bg7 18. h4 Qe7 19. b3 Nb7 20. h5 a5 21. a4 c4 22. axb5
cxb3 {1/2-1/2 Chandler,M-Spassky,B/BL 8889 (1989) ;BL 80 1989}) 17... Bg7 18.
Qd2 Qe7 19. Nh2 Nb7 20. Rf1 f6 21. Bxg7 Qxg7 22. f4 Qh6 23. Rf3 Rf8 24. Qf2
exf4 25. Rxf4 Rf7 26. Rf1 Raf8 $13 {Lau,R-Goehring,K/BL 8990 (1989) ;BL 90
1990/1/2-1/2 (58)}) 17. Qd2 Nb7 18. Rf1 Nc5 19. Ng5 Ra7 20. h4 Bg7 21. Bxg7
Kxg7 22. f4 h6 {The normal exchange on f4 is less tempting now that White can
easily manouver a N to d4. Still, it could have been tried.} (22... f6 23. Nf3
exf4 24. Qxf4 Rf7 25. h5 Qe7 26. Rae1 $13) 23. Nf3 Bg4 $2 (23... exf4 $142) 24.
fxe5 dxe5 25. Nxe5 $1 $16 Rxe5 26. Qf4 Rae7 27. Qf6+ $1 (27. Qxg4 $16) 27...
Kg8 28. d6 Nbd7 29. dxe7 Rxe7 30. Qd4 $18 h5 31. b4 cxb3 32. axb3 Qc7 33. Qe3
Nb6 34. Qf4 Re5 35. Rf2 Be6 36. b4 Nca4 37. Bxa4 Nxa4 38. Ne2 Nxc3 39. Rxa6
Nxe2+ 40. Rxe2 Bc4 41. Rd2 Kh7 42. Ra8 Re7 43. Qf6 1-0

[Event "Alushta2"]
[Site "Alushta"]
[Date "1994.??.??"]
[Round "5"]
[White "Timoshenko, Georgy"]
[Black "Varavin, Viktor"]
[Result "1-0"]
[WhiteElo "2520"]
[BlackElo "2510"]
[Annotator "Wedberg,T"]
[PlyCount "67"]
[EventDate "1994.02.??"]
[EventType "tourn"]
[EventRounds "9"]
[EventCountry "UKR"]
[EventCategory "12"]
[SourceTitle "CBM 041"]
[Source "ChessBase"]
[SourceDate "1994.08.01"]
[SourceVersion "1"]
[SourceVersionDate "1994.08.01"]
[SourceQuality "1"]

1. e4 {Ernst} e5 2. Nf3 Nc6 3. Bb5 a6 4. Ba4 Nf6 5. O-O b5 6. Bb3 Be7 7. Re1 d6
8. c3 O-O 9. h3 Nd7 10. d4 Bf6 11. a4 Bb7 12. Na3 Nb6 (12... exd4 13. cxd4 Re8
(13... Nb6 14. Bf4 bxa4 15. Bxa4 Nxa4 16. Qxa4 a5 17. Bd2 $14 {Kasparov,
G-Karpov,A/Lyon Wch/1990/1-0/57}) (13... Na5 {Ernst} 14. Ba2 b4 15. Nc4 Nxc4
16. Bxc4 Re8 17. Qb3 $14 {Kasparov-Karpov/New York(m/12)/1990/}) 14. Qd2 (14.
Bf4 Na5 15. Bc2 b4 16. Nb1 b3 17. Bd3 c5 18. Nbd2 cxd4 19. Bxd6 Qb6 20. e5 $14
{Ernst,T-Tisdall,J/Gausdal/1991/1-0/44}) 14... Re7 15. Rb1 (15. Bc2 Nb6 16. a5
Nd7 17. b4 Nxd4 18. Nxd4 c5 19. Nb3 $14 {Kindermann-Smagin/Prague/1992/1/4-1/4/
47}) 15... bxa4 16. Bxa4 Nb6 17. Bc2 a5 18. Qc3 Nb4 $15 {Mainka,R-Xie Jun/
Baden-Baden/1992/1/4-1/4/47}) (12... Re8 {Ernst} 13. axb5 axb5 14. d5 Ne7 15.
Be3 $14 {Ernst-Adams/London/1991/}) (12... Qb8 $6 {Ernst} 13. Bg5 $1 $16 {
De Firmian-Benjamin/USA(ch)/1988/}) (12... Ne7 {Ernst} 13. Rb1 c6 14. Be3 Qc7
15. Ng5 $1 $16 {Sax-Kortchnoi/Wijk aan Zee(m/2)/1991/}) 13. d5 $1 Ne7 14. axb5
axb5 15. Be3 $14 c6 $8 (15... Qd7 16. Bxb6 cxb6 17. Nc2 $16) 16. dxc6 Bxc6 17.
Bxb6 Qxb6 18. Qxd6 Rfd8 19. Qb4 Qb7 20. Re3 Ng6 {/\ Be7} 21. c4 Bxe4 (21... Be7
22. c5 $16) (21... bxc4 $14) 22. cxb5 Bf5 (22... Bd5 23. Bxd5 Rxd5 24. Rc1 $14)
(22... Bxf3 $14) 23. Rae1 e4 (23... Be7 24. Qc4 Be6 25. Qc6 $16 Qxc6 26. bxc6
Bxa3 (26... Bxb3 {Ernst} 27. Rxb3 $16) 27. bxa3 Rxa3 28. Bxe6 Rxe3) 24. Bc2 $1
$16 exf3 (24... Be7 {Ernst} 25. Qc4 $16) 25. Bxf5 Qb6 26. Nc4 Qd4 27. b6 Nh4
28. b7 Rab8 29. Rd3 Qf4 30. Rxd8+ Rxd8 31. Qd6 $1 Qxd6 (31... Rxd6 32. Re8#)
32. Nxd6 fxg2 33. Rc1 Rxd6 34. b8=Q+ 1-0

[Event "Belfort Masters 6th"]
[Site "Belfort"]
[Date "2003.12.21"]
[Round "7"]
[White "Bauer, Christian"]
[Black "Fressinet, Laurent"]
[Result "1-0"]
[WhiteElo "2602"]
[BlackElo "2654"]
[Annotator "Wedberg,T"]
[PlyCount "73"]
[EventDate "2003.12.15"]
[EventType "tourn"]
[EventRounds "10"]
[EventCountry "FRA"]
[EventCategory "15"]
[SourceTitle "CBM 099"]
[Source "ChessBase"]
[SourceDate "2004.03.30"]
[SourceVersion "1"]
[SourceVersionDate "2004.03.30"]
[SourceQuality "1"]

1. e4 e5 2. Nf3 Nc6 3. Bb5 a6 4. Ba4 Nf6 5. O-O Be7 6. Re1 b5 7. Bb3 d6 8. c3
O-O 9. h3 Nd7 10. d4 Bb7 11. Nbd2 Bf6 12. Nf1 Re8 13. N1h2 exd4 {In principle
a risky decision, since White gets a perfect centre, but Black intends to
challenge it immediately.} 14. cxd4 Na5 15. Bc2 c5 16. Ng4 cxd4 17. Nxd4 Bxd4
18. Qxd4 $14 {If this isn't at least slightly better for White Black should
have absolutely no problems in the Ruy Lopez. Black has given up his pair of B:
s and sits with a weak d6-P. I believe this is one concession too many.} Rc8 (
18... Nc5 19. Bd2 Nc4 20. Bc3 Ne6 21. Qd3 h5 22. e5 $5 $40 {1-0 Joachim,
S-Thinius,M/Germany 1999/GER-chT2 (37)}) 19. Qd1 $1 {[%mdl 12] Pulling back
the Q from attacks and preparing to develop.} ({An improvemant on} 19. Re2 Nc5
20. b4 Ne6 21. Qd3 Nc4 22. e5 Nf8 23. Qg3 Ng6 {and Black was better in 0-1
Hellers,F-Tisdall,J/Oslo 1991/CBM 23 (44)}) 19... Nc4 20. a4 Nc5 21. axb5 axb5
22. f3 Qb6 23. Kh1 Ne6 24. b3 Qd4 25. Ra2 $1 {Bauer sensibly guards all his
lose bits and pieces and trusts his pair of B:s to work it´s magic in the long
run.} Ne5 26. Ne3 Nc6 27. Bb1 Qxd1 {White was better in any case. But the
ending looks awful for Black.} 28. Rxd1 {[%csl Rb7,Rd6,Ge4,Gf3]} Nc5 29. Nf5
$16 Nb4 30. Rb2 Rcd8 (30... d5 31. Nd6 dxe4 32. Nxc8 Rxc8 33. fxe4 Nxe4 34. Bf4
$16) (30... Ncd3 31. Bxd3 Nxd3 32. Rxd3 Rxc1+ 33. Kh2 $18) 31. Be3 Ne6 32. Nxd6
$18 Re7 33. Rbd2 Ra8 34. Nxb5 g5 35. Nd4 f6 36. Nxe6 Rxe6 37. Bc5 1-0

[Event "USA-ch"]
[Site "Parsippany"]
[Date "1996.??.??"]
[Round "8"]
[White "De Firmian, Nick E"]
[Black "Ivanov, Alexander"]
[Result "1/2-1/2"]
[WhiteElo "2575"]
[BlackElo "2560"]
[Annotator "Wedberg,T"]
[PlyCount "87"]
[EventDate "1996.07.13"]
[EventType "tourn"]
[EventRounds "13"]
[EventCountry "USA"]
[EventCategory "12"]
[SourceTitle "CBM 055"]
[Source "ChessBase"]
[SourceDate "1996.12.01"]
[SourceVersion "1"]
[SourceVersionDate "1996.12.01"]
[SourceQuality "1"]

1. e4 e5 2. Nf3 Nc6 3. Bb5 a6 4. Ba4 Nf6 5. O-O Be7 6. Re1 b5 7. Bb3 d6 8. c3
O-O 9. h3 Bb7 10. d4 Re8 11. a4 h6 12. Nbd2 Bf8 13. Bc2 exd4 14. cxd4 Nb4 15.
Bb1 c5 16. d5 Nd7 17. Ra3 c4 18. axb5 axb5 19. Nd4 Ne5 (19... Qb6 20. Nf5 Ne5
21. Rg3 g6 22. Nf3 Ned3 23. Be3 Qd8 24. Bxh6 Qf6 25. Bxf8 Kxf8 $17 {Yang
Xian-Lin Ta/China/1988/}) (19... Rxa3 20. bxa3 Nd3 21. Bxd3 cxd3 22. Re3 (22.
Bb2 Qa5 23. Nf5 Ne5 24. Bxe5 dxe5 25. Nb3 Qb6 26. Qxd3 $14 {1-0 Kasparov,
G-Karpov,An (14)/Wch33-KK3 ENG\URS (Leningrad) ;MAINB 1986 (41)}) 22... Ne5 23.
N4f3 f5 24. Nxe5 Rxe5 25. Bb2 Re7 26. exf5 Rxe3 27. fxe3 Bxd5 28. Qg4 $40 {
Glek,I-Kharlamov,V/corr/1988/1-0 (46)}) 20. Rxa8 Qxa8 21. Nxb5 Rc8 $146 (21...
Qa5 22. Na3 Ba6 23. Re3 Qc5 24. Rc3 Ned3 25. Bxd3 Nxd3 26. Qf3 $13 {1/2-1/2
Anand,V-Kamsky,G (07)/PCA-WchQual Las Palmas ;CBM 46 1995 (43)}) 22. Na3 Ba6
23. Re3 Nbd3 24. Bxd3 cxd3 25. b3 $14 Be7 26. Ndc4 Bg5 27. Nxd6 (27. Nb6 Rxc1
28. Qxc1 Qa7 29. Na4 Bxe3 30. fxe3 Qb7 $10) (27. Rg3 Bh4 28. Re3 Bg5) 27... Rd8
28. Ndc4 Bxc4 29. Nxc4 Bxe3 30. Bxe3 Nxc4 31. bxc4 Qa3 32. c5 f5 33. c6 (33. f3
$5) 33... fxe4 34. c7 Rc8 35. Bf4 Qf8 36. Qg4 d2 37. Bxd2 Rxc7 38. Bxh6 Rf7 39.
Be3 Qd6 40. Qxe4 Rd7 41. Qe8+ Kh7 42. g4 Qxd5 43. Kh2 Rd8 44. Qe7 1/2-1/2

[Event "BIH-chT"]
[Site "Neum"]
[Date "2002.06.02"]
[Round "1.1"]
[White "Shirov, Alexei"]
[Black "Lekic, Dusan"]
[Result "1-0"]
[WhiteElo "2704"]
[BlackElo "2410"]
[Annotator "Wedberg,T"]
[PlyCount "71"]
[EventDate "2002.06.02"]
[EventType "team"]
[EventRounds "9"]
[EventCountry "BIH"]
[SourceTitle "CBM 090"]
[Source "ChessBase"]
[SourceDate "2002.09.20"]
[SourceVersion "1"]
[SourceVersionDate "2002.09.20"]
[SourceQuality "1"]
[WhiteTeam "Sarajevo Bosna"]
[BlackTeam "Banja Luka"]
[WhiteTeamCountry "BIH"]
[BlackTeamCountry "BIH"]

1. e4 e5 2. Nf3 Nc6 3. Bb5 a6 4. Ba4 Nf6 5. O-O Be7 6. Re1 b5 7. Bb3 d6 8. c3
O-O 9. h3 Bb7 10. d4 Re8 11. Nbd2 Bf8 12. a4 h6 13. Bc2 exd4 14. cxd4 Nb4 15.
Bb1 c5 16. d5 Nd7 17. Ra3 c4 18. axb5 axb5 19. Nd4 Ne5 {The advantage of this
move is that it preempts an attack on the Black K - but on the other hand it
drops the b5-P for unclear compensation.} (19... Qb6 $5 {Keeping b5 is the
main alternative, but now White can go for the K.} 20. Nf5 Ne5 21. Rg3 g6 {
Now White has to prove his point. Can he flush the black K out or not?} 22. Nf1
(22. Nf3 Ned3 23. Be3 Qd8 24. Bd4 (24. Bxh6 Qf6 25. Bxf8 (25. Re2 $5) 25...
Kxf8 $17 {Yang Xian-Lin Ta/China/1988/}) 24... Bc8 (24... Nxe1 $5) 25. Bxd3
Nxd3 26. Re3 Kh7 $17 {1-0 Konguvel,P-Babu,N/IND 1999/EXT 2002 (37)}) 22... Nbd3
23. Be3 Qd8 24. Re2 Ra1 25. Bd4 Kh7 26. b3 Rxb1 27. Qxb1 Nf4 28. Re1 gxf5 29.
bxc4 $13 {0-1 Wang Zili-Yang Wuming/CHN 1987/EXT 97 (41)}) (19... Rxa3 $6 20.
bxa3 Nd3 21. Bxd3 cxd3 22. Re3 Ne5 23. N4f3 f5 (23... Nc4 24. Rxd3 $14 {
Ivanchuk,V-Kruppa,Y/Frunze/1988/1-0 (34)}) 24. Nxe5 Rxe5 25. Bb2 Re7 26. exf5
Rxe3 27. fxe3 Bxd5 28. Qg4 $40 {Glek,I-Kharlamov,V/corr/1988/1-0 (46)}) 20.
Rxa8 Qxa8 21. Nxb5 Rc8 (21... Qa5 22. Na3 Ba6 23. Re3 Qc5 24. Rc3 Ned3 25. Bxd3
Nxd3 26. Qf3 $13 {1/2-1/2 Anand,V-Kamsky,G (07)/PCA-WchQual Las Palmas ;CBM 46
1995 (43)}) 22. Nf3 $146 {[%mdl 8]} (22. Na3 Ba6 23. Re3 Nbd3 24. Bxd3 cxd3 25.
b3 Be7 26. Ndc4 $14 {1/2-1/2 De Firmian,N-Ivanov,A/Parsippany 1996/CBM 55/
[Wedberg] (44)}) 22... Ned3 23. Rf1 Qa1 24. Bd2 $1 {[%mdl 2048] Nice idea.
Shirov plays for better pieces and a bockade on c3. Black´s Q is in some
difficulties as well if he takes the P.} Qxb2 (24... Nxb2 25. Qe2 Qa4 26. Nfd4
$14) 25. Bc3 Qb3 26. Qd2 $1 {[%csl Rb3]} Qa4 27. Nfd4 $16 Ba6 (27... Ra8 28.
Bxd3 Nxd3 29. Ra1 Qxa1+ 30. Bxa1 Rxa1+ 31. Kh2 $16) 28. Bxd3 Nxd3 29. Ra1 Bxb5
30. Rxa4 Bxa4 31. Kh2 Nc5 32. f3 g6 33. Ne2 Nd3 34. Qe3 Bg7 35. Bxg7 Kxg7 36.
Qb6 1-0

[Event "Minsk"]
[Site "Minsk"]
[Date "1993.??.??"]
[Round "?"]
[White "Kruppa, Yuri"]
[Black "Zaitsev, Igor A"]
[Result "1/2-1/2"]
[WhiteElo "2475"]
[BlackElo "2450"]
[Annotator "Wedberg,T"]
[PlyCount "57"]
[EventDate "1993.03.??"]
[EventType "tourn"]
[EventRounds "11"]
[EventCountry "BLR"]
[EventCategory "9"]
[SourceTitle "CBM 036"]
[Source "ChessBase"]
[SourceDate "1993.10.01"]
[SourceVersion "1"]
[SourceVersionDate "1993.10.01"]
[SourceQuality "1"]

1. e4 e5 2. Nf3 Nc6 3. Bb5 a6 4. Ba4 Nf6 5. O-O Be7 6. Re1 b5 7. Bb3 d6 8. c3
O-O 9. h3 a5 10. d3 a4 11. Bc2 Bd7 (11... Be6 12. Nbd2 d5 13. exd5 Qxd5 14. Qe2
Rfe8 {= Borsany-Bernstein, cr 1963}) 12. Nbd2 Re8 (12... Qb8 13. d4 Qb7 14. Nf1
exd4 15. cxd4 Nb4 16. Bb1 Rad8 17. Ng3 Rfe8 18. Bd2 Na6 19. e5 {->
Ehlvest-Nikolic,Pr., Reykjavik 1988}) 13. Nf1 Bf8 14. Bg5 (14. d4 $14) 14... h6
15. Bd2 d5 $1 $10 16. exd5 Nxd5 17. a3 Nf6 18. Ng3 Bd6 19. Nh4 Ne7 20. Qf3 Bc6
21. Ne4 Nxe4 22. dxe4 Ng6 23. Nf5 Nh4 24. Qg4 Nxf5 25. exf5 Qf6 26. Be4 Bc5 27.
Re2 Rad8 28. Rae1 Bd5 29. Bxd5 1/2-1/2

[Event "Japfa Classic"]
[Site "Bali"]
[Date "2000.04.25"]
[Round "4"]
[White "Milos, Gilberto"]
[Black "Zaw, Win Lay"]
[Result "1-0"]
[WhiteElo "2620"]
[BlackElo "2633"]
[Annotator "Wedberg,T"]
[PlyCount "67"]
[EventDate "2000.04.22"]
[EventType "tourn"]
[EventRounds "9"]
[EventCountry "INA"]
[EventCategory "16"]
[SourceTitle "CBM 077"]
[Source "ChessBase"]
[SourceDate "2000.07.27"]
[SourceVersion "1"]
[SourceVersionDate "2000.07.27"]
[SourceQuality "1"]

1. e4 e5 2. Nf3 Nc6 3. Bb5 a6 4. Ba4 Nf6 5. O-O Be7 6. Re1 b5 7. Bb3 d6 8. c3
O-O 9. h3 Bb7 10. d4 Re8 11. Nbd2 Bf8 12. d5 Ne7 13. Nf1 Ng6 14. a4 c6 $6 (
14... h6 $5 {Preparing c6 by preventing Bg5 must be better.}) 15. dxc6 Bxc6 16.
Bg5 $1 h6 17. Bxf6 Qxf6 18. Ne3 Nf4 (18... Bxe4 19. Ng4 Qf4 20. Rxe4 Qxe4 21.
Bd5 $16) 19. Nd5 Bxd5 20. Bxd5 Rab8 (20... Nxd5 21. Qxd5 $16) 21. axb5 $146 {
Up to this point everything was known from a previous game Milos shows another
way for White to get a comfortable advantage.} (21. b4 Qg6 22. g3 Nxh3+ 23. Kf1
Re7 24. axb5 axb5 25. Ra6 $36 {1-0 Asrian,K-Virovlansky,S/St Petersburg 1999/
CBM 74/[Wedberg] (37)}) (21. Kh2 bxa4 $132 {[%cal Yb8b2]}) 21... axb5 22. Kh2
b4 23. c4 $14 {Whites grip on d5 gives him a clear advantage.} Be7 24. Ra6 Rec8
25. Qd2 Rc5 26. b3 Nxd5 (26... Qg6 $5 {trying to use the well placed N looks
more interesting.}) 27. exd5 Qf5 $6 28. Nd4 $1 $16 exd4 29. Rxe7 Qf6 30. Re4 d3
31. Re3 Rcc8 32. Rxd3 Rxc4 $2 33. bxc4 b3 34. Rxb3 (34. Rxb3 Rxb3 35. Ra8+ Kh7
36. Qc2+ $18) 1-0